| 000 | 00566nam a22001337a 4500 | ||
|---|---|---|---|
| 005 | 20241008101019.0 | ||
| 008 | 241008b |||||||| |||| 00| 0 eng d | ||
| 100 |
_aUgaddan, Reginald G. _eauthor. _962521 |
||
| 245 |
_aInnovating the pulic sector leadership : _bentrepreneurial leadership and employee outcomes in public sector organizations / _cReginald G. Ugaddan. |
||
| 260 |
_aPhilippines; _bLitera Trading Inc., _cJuly-December 2019. |
||
| 300 |
_aVolume 63, pages 109-134, _billustration. |
||
| 700 |
_aUgaddan, Reginald G. _eauthor. _962522 |
||
| 942 |
_2ddc _cPER |
||
| 999 |
_c22338 _d22338 |
||